| 000 | 00704cam a2200229 4500 | ||
|---|---|---|---|
| 999 |
_c25181 _d25181 |
||
| 001 | 2655361 | ||
| 003 | BDDh-ASL | ||
| 005 | 20231015030446.0 | ||
| 008 | 711105s1958 ua 000 0 eng | ||
| 010 | _a 70261717 | ||
| 040 |
_aDLC _cDLC _dDLC _dBDDh-ASL |
||
| 050 | 0 | 0 |
_aBP161.2 _b.C3 |
| 082 |
_a297 _bCAI |
||
| 100 | 1 |
_aCalverley, Edwin Elliott, _d1882-1971. |
|
| 245 | 1 | 0 |
_aIslâm: an introduction _c[by] E. E. Calverley. |
| 260 |
_aCairo: _bAmerican University at Cairo, School of Oriental Studies, _c1958. |
||
| 300 |
_aviii, 97 p. _c24 cm. |
||
| 440 | 0 |
_aCharles C. Adams memorial series, _vv. 1 |
|
| 650 | 0 | _aIslam. | |
| 906 |
_a7 _bcbc _corignew _d5 _encip _f19 _gy-gencatlg |
||
| 942 |
_2ddc _cBK |
||